| 000 | 00462nam a2200145Ia 4500 | ||
|---|---|---|---|
| 008 | 190925s9999 xx 000 0 und d | ||
| 020 | _a9.7803214998e+012 | ||
| 100 | _aGyncild, Brie | ||
| 245 |
_cBrie Gyncild .-- _aAdobe Flash CS3 Professional: _bClassroom in a book |
||
| 260 |
_aBerkeley, Calif. : _bAdobe Press _c2007 |
||
| 300 | _a339 pages : | ||
| 500 | _aIncludes appendix, and index. | ||
| 650 | _aComputer animation. | ||
| 650 | _aFlash (Computer file) | ||
| 999 |
_c362212 _d362212 |
||